000 00688nam a2200253Ia 4500
003 OSt
005 20220924131819.0
006 a|||||r|||| 00| 0
007 ta
008 220923b |||||||| |||| 00| 0 tel d
020 _cRs.4
024 _a345117
037 _cTextual
040 _aARTS
_cARTS
_btel
041 _2tel
_atel
082 _aO35wN1, K3
100 _aGorrepati Venkatasubbayya Au.
_9202963
245 0 _aAksharabhishekamu
260 _aVijayawada
_bDesi Kavita Mandali India
_c1963
300 _a240p.
_ccm.
650 _aTELUGU LITERATURE
942 _hO35wN1, K3
_cTEXL
_2CC
999 _c428300
_d428300